| 000 | 00361nam a22001457a 4500 | ||
|---|---|---|---|
| 003 | LK-CoDNM | ||
| 005 | 20240829113636.0 | ||
| 008 | 240829b |||||||| |||| 00| 0 eng d | ||
| 040 |
_aLK-CoDNM _dLK-CoDNM _eLK-CoDNM |
||
| 080 | _b1888 | ||
| 245 | _aThe ceylon Civil List | ||
| 260 |
_aColombo _bGoverment press _c1888 |
||
| 300 | _b184p. : 21 cm | ||
| 942 | _cBK | ||
| 999 |
_c149943 _d149943 |
||